LIBRARY & INFORMATION CENTRE, KCAET, TAVANUR

ONLINE PUBLIC ACCESS CATALOGUE (OPAC)

Normal view MARC view
  • Reference Manual

Entry Topical Term

Number of records used in: 1

001 - CONTROL NUMBER

  • control field: 7865

003 - CONTROL NUMBER IDENTIFIER

  • control field: OSt

005 - DATE AND TIME OF LATEST TRANSACTION

  • control field: 20260213113203.0

008 - FIXED-LENGTH DATA ELEMENTS

  • fixed length control field: 260213|| aca||aabn | a|a d

040 ## - CATALOGING SOURCE

  • Original cataloging agency: OSt
  • Transcribing agency: OSt

150 ## - HEADING--TOPICAL TERM

  • Topical term or geographic name as entry element: Reference Manual

670 ## - SOURCE DATA FOUND

  • Source citation: Work cat.: (OSt)395: Mini-micro CDS/ISIS 3.08 reference manual / , 1999.
free website counter